000 00655nam a22002417a 4500
003 UA-OsUOA
001 99478
007 ta
008 20130429b un ||||| |||| 00| 0 ukr d
100 _aТартаковский Б.
090 _a821.161.1
_bТ21
942 _cBK
040 _aUA-OsUOA
_brus
_cUA-OsUOA
_dUA-OsUOA
245 _aПовесть об учителе Сухомлинском
_bповести
300 _a406 с.
955 _a3
041 _arus
080 _a821.161.1
260 _aК.
_bДніпро
_c1983
044 _aRU
650 7 _a82 Література. Літературознавство
_2UDC
999 _c385722
_d385722